[Event "OS INCLIVES"]
[Site "http://www.queenalice.com/game.php?id=1518998"]
[Date "2018.3.9"]
[Round "-"]
[White "pepebacardi"]
[Black "adelio"]
[Result "1-0"]
[WhiteElo "1977"]
[BlackElo "1554"]

1. e4 a6 2. Nf3 c5 3. d4 e6 4. Be3 d6 5. Be2 Be7 6. O-O h5 7. dxc5 Nc6 8. cxd6
Bxd6 9. Nc3 Be7 10. Na4 h4 11. h3 g5 12. Nh2 Nf6 13. f3 Nh5 14. Qxd8+ Bxd8 15.
Bf2 b5 16. Nc5 Bc7 17. Rad1 Bxh2+ 18. Kxh2 Ne5 19. Rd6 Ng3 20. Bxg3 hxg3+ 21.
Kxg3 Nd7 22. Nxd7 Bxd7 23. Rfd1 Ra7 24. a4 Rh7 25. a5 f6 26. b4 Re7 27. Rb6 Kf7
28. Rdd6 Kg6 29. Rxa6 Rxa6 30. Rxa6 Kh5 31. Rb6 Kg6 32. a6 Be8 33. Rb7 Kf7 34.
Rxe7+ Kxe7 35. a7 Bc6 36. Bxb5 Ba8 37. c4 Kd6 38. c5+ Kc7 39. Ba6 f5 40. exf5
exf5 41. b5 g4 42. b6+ Kc6 43. hxg4 fxg4 44. Kxg4 Bb7 45. Bxb7+ Kxb7 46. c6+ Ka8
47. b7+ Kxa7 48. Kf5 Kb8 49. Ke6 Kc7 50. f4 Kb8 51. Kd7 Ka7 52. Kc7 Ka6 53. b8=Q
1-0

[Event "AUTO-OPEN-3911"]
[Site "http://www.queenalice.com/game.php?id=1519273"]
[Date "2018.3.11"]
[Round "1"]
[White "Rzeznik"]
[Black "pepebacardi"]
[Result "1-0"]
[WhiteElo "1995"]
[BlackElo "2040"]

1. d4 Nf6 2. c4 g6 3. Nc3 Bg7 4. e4 d6 5. Nf3 O-O 6. Be2 c5 7. d5 Nbd7 8. O-O a6
9. Qc2 Qc7 10. Bf4 Nh5 11. Bg5 Nhf6 12. b3 h6 13. Bd2 Nh7 14. Qc1 g5 15. a4 f5
16. Rb1 f4 17. b4 Ndf6 18. bxc5 Qxc5 19. e5 dxe5 20. Nxe5 Bf5 21. Rxb7 Rfb8 22.
Rb2 Nd7 23. Nxd7 Bxd7 24. Qb1 Rxb2 25. Qxb2 Bxa4 26. Qb7 1-0

[Event "AUTO-OPEN-3911"]
[Site "http://www.queenalice.com/game.php?id=1519274"]
[Date "2018.3.11"]
[Round "1"]
[White "pepebacardi"]
[Black "Rzeznik"]
[Result "0-1"]
[WhiteElo "1992"]
[BlackElo "2022"]

1. e4 e6 2. d4 d5 3. e5 c5 4. Bb5+ Bd7 5. Bxd7+ Nxd7 6. Nf3 Qa5+ 7. Nc3 cxd4 8.
Qxd4 Bc5 9. Qa4 Qb6 10. O-O Ne7 11. Qb3 O-O 12. Na4 Qc7 13. Nxc5 Nxc5 14. Qc3 h6
15. Be3 b6 16. b3 Nf5 17. Bxc5 bxc5 18. a4 d4 19. Qc4 Rfc8 20. Rfe1 Qc6 21. Nd2
Rab8 22. Rac1 Nh4 23. f3 Nf5 24. Ne4 Ne3 25. Qd3 Rd8 26. Re2 c4 27. Qd2 cxb3 28.
cxb3 Qd5 29. Nc3 Qxb3 30. Nb5 Qxa4 31. Nd6 Rb3 0-1

[Event "AUTO-OPEN-3911"]
[Site "http://www.queenalice.com/game.php?id=1519293"]
[Date "2018.3.11"]
[Round "1"]
[White "Orly"]
[Black "pepebacardi"]
[Result "0-1"]
[WhiteElo "1839"]
[BlackElo "1982"]

1. e4 c5 2. Bc4 d6 3. Nc3 a6 4. Nge2 e6 5. a3 b5 6. Ba2 Bb7 7. d3 Nf6 8. Bg5 Be7
9. Bxf6 Bxf6 10. O-O O-O 11. Nf4 Nc6 12. Rb1 Nd4 13. Nce2 e5 14. Nh5 Be7 15. c3
Nxe2+ 16. Qxe2 Qc7 17. f4 exf4 18. Rxf4 Bc8 19. Rbf1 Be6 20. Bxe6 fxe6 21. Qg4
g6 22. Qxe6+ Kh8 23. Nf6 Bxf6 24. Rxf6 Rxf6 25. Rxf6 Kg7 26. Qxd6 Qxd6 27. Rxd6
b4 28. Kf2 bxa3 29. bxa3 Rb8 30. Rxa6 Rb2+ 31. Kf3 Rb3 32. a4 Rxc3 33. Ke3 c4
34. a5 Rxd3+ 35. Kf4 Ra3 36. g4 Kf7 37. Ke5 Ke8 38. Ke6 Kd8 39. Kd6 Rd3+ 40. Ke5
Kc7 41. Ra7+ Kc6 42. Rxh7 c3 43. a6 c2 44. Rh8 Rd7 0-1

[Event "AUTO-OPEN-3911"]
[Site "http://www.queenalice.com/game.php?id=1519294"]
[Date "2018.3.11"]
[Round "1"]
[White "pepebacardi"]
[Black "Orly"]
[Result "1-0"]
[WhiteElo "1972"]
[BlackElo "1829"]

1. e4 e5 2. Nf3 Nc6 3. Bb5 Bd6 4. O-O Nf6 5. Nc3 a6 6. Ba4 b5 7. Bb3 Bb7 8. Re1
O-O 9. d3 Qe7 10. Nh4 Nd4 11. Nf3 Nxf3+ 12. Qxf3 Bc5 13. Be3 Rad8 14. Bxc5 d6
15. Be3 Rd7 16. Bg5 h6 17. Bxf6 Qxf6 18. Qxf6 gxf6 19. Nd5 Bxd5 20. Bxd5 Rc8 21.
Bb7 Rb8 22. Bxa6 c5 23. b3 Ra7 24. Bxb5 Rxb5 25. a4 Rb8 26. h4 h5 27. Ra2 Kg7
28. Rf1 Kg6 29. f4 Rg8 30. f5+ Kh6 31. c3 Rg4 32. Rf3 Rxh4 33. Rh3 Rg4 34. Kf2
Ra8 35. a5 Kg5 36. b4 Rg8 37. a6 Kh6 38. Kf1 cxb4 39. cxb4 h4 40. a7 1-0

[Event "AUTO-OPEN-3911"]
[Site "http://www.queenalice.com/game.php?id=1519305"]
[Date "2018.3.11"]
[Round "1"]
[White "pepebacardi"]
[Black "wiktormool"]
[Result "1/2-1/2"]
[WhiteElo "1976"]
[BlackElo "1977"]

1. e4 e5 2. Nf3 Bd6 3. Nc3 Nc6 4. Be2 Nf6 5. d3 b6 6. O-O O-O 7. Bg5 Be7 8. a3
h6 9. Bxf6 Bxf6 10. Nd5 Bb7 11. h3 Nd4 12. Nxf6+ Qxf6 13. Re1 Rfe8 14. Nxd4 exd4
15. Qd2 d5 16. exd5 Bxd5 17. Bg4 Qg6 18. Qf4 c5 19. Bf3 Bxf3 20. Qxf3 Rab8 21.
Kf1 Qd6 22. Re2 Qh2 23. g4 Rxe2 24. Kxe2 Re8+ 25. Kd2 Re3 26. Qf5 Qg2 27. Qc8+
Kh7 28. Qf5+ Kh8 29. Qc8+ Kh7 30. Qf5+ Kg8 31. Qc8+ Kh7 1/2-1/2

[Event "AUTO-OPEN-3911"]
[Site "http://www.queenalice.com/game.php?id=1519306"]
[Date "2018.3.11"]
[Round "1"]
[White "wiktormool"]
[Black "pepebacardi"]
[Result "1-0"]
[WhiteElo "1966"]
[BlackElo "1992"]

1. e4 c5 2. c4 d6 3. Nc3 g6 4. Nf3 Bg7 5. Qa4+ Bd7 6. Qb3 b6 7. g3 Nf6 8. Bg2
O-O 9. e5 Nh5 10. exd6 exd6 11. O-O Bc6 12. d4 cxd4 13. Nb5 Bxb5 14. Qxb5 Qd7
15. Nxd4 Bxd4 16. Bxa8 Re8 17. Qxd7 Nxd7 18. Bc6 Re7 19. Rd1 Bc5 20. Bg5 f6 21.
Bxd7 Rxd7 22. Bd2 Bd4 23. Rab1 Re7 24. Bb4 Bc5 25. Bxc5 dxc5 26. Rd8+ Kf7 27.
Rbd1 f5 28. R8d7 Nf6 29. Rxe7+ Kxe7 30. f4 Ne4 31. Re1 Ke6 32. h3 Kf6 33. g4 Nd6
34. g5+ Kf7 35. b3 Ne4 36. Rd1 Ke7 37. a4 Nc3 38. Rd3 Ne2+ 39. Kf2 Nd4 40. Kg3
Ne2+ 41. Kf3 Nd4+ 42. Ke3 Nc2+ 43. Kd2 Nb4 44. Re3+ Kd7 45. h4 Nc6 46. Rh3 Nd4
47. Rd3 Ke7 48. Re3+ Kf7 49. Rd3 Ke7 50. Rxd4 cxd4 51. Kd3 Kd7 52. Kxd4 Kd6 53.
b4 Ke6 54. c5 Kd7 55. cxb6 axb6 56. Kd5 1-0

[Event "AUTO-MASTER-2703"]
[Site "http://www.queenalice.com/game.php?id=1519486"]
[Date "2018.3.13"]
[Round "1"]
[White "petrosian369"]
[Black "pepebacardi"]
[Result "1-0"]
[WhiteElo "2204"]
[BlackElo "1979"]

1. a3 d5 2. d3 e5 3. Nf3 Nc6 4. e4 dxe4 5. dxe4 Nf6 6. Qxd8+ Kxd8 7. Nc3 Bd7 8.
Bc4 Be6 9. Bxe6 fxe6 10. O-O Bd6 11. Rd1 Ke7 12. b4 a6 13. Bb2 h6 14. Na4 g5 15.
c4 b5 16. cxb5 axb5 17. Nc5 Kf7 18. Nd3 Nxe4 19. Nfxe5+ Nxe5 20. Nxe5+ Bxe5 21.
Bxe5 1-0

[Event "AUTO-MASTER-2703"]
[Site "http://www.queenalice.com/game.php?id=1519487"]
[Date "2018.3.13"]
[Round "1"]
[White "pepebacardi"]
[Black "petrosian369"]
[Result "0-1"]
[WhiteElo "1992"]
[BlackElo "1889"]

1. e4 d6 2. d4 Nf6 3. Nc3 e5 4. dxe5 dxe5 5. Nf3 Qxd1+ 6. Kxd1 Bd6 7. h3 Nc6 8.
Be3 a6 9. a3 h6 10. Bd3 Be6 11. Kd2 O-O-O 12. b4 Kd7 13. b5 axb5 14. Nxb5 Ke7
15. Nxd6 Kxd6 16. a4 b6 17. a5 Nxa5 18. Ke2 Nd7 19. Nd2 Ke7 20. g4 f6 21. f4
exf4 22. Bxf4 Ne5 23. Bxe5 fxe5 24. Raf1 Rhf8 25. Nf3 Nc6 26. Nh4 Rf6 27. Rxf6
Kxf6 28. Rf1+ Kg5 29. Nf3+ Kg6 30. Nh4+ Kh7 31. Nf5 Bxf5 32. Rxf5 Nd4+ 0-1

[Event "AUTO-MASTER-2703"]
[Site "http://www.queenalice.com/game.php?id=1519502"]
[Date "2018.3.13"]
[Round "1"]
[White "andrevillares"]
[Black "pepebacardi"]
[Result "0-1"]
[WhiteElo "1717"]
[BlackElo "1997"]

1. e4 c5 2. Nf3 d6 3. Bc4 e6 4. O-O Nf6 5. Re1 Nc6 6. d3 a6 7. a4 Be7 8. Nc3 O-O
9. Bf4 e5 10. Be3 Bg4 11. h3 Bxf3 12. Qxf3 Nd4 13. Qd1 Qd7 14. f4 b5 15. axb5
axb5 16. Bd5 Rxa1 17. Qxa1 Nxc2 18. Qd1 Nxe1 19. Qxe1 b4 20. fxe5 dxe5 21. Ne2
Nxd5 22. exd5 Qxd5 23. Qd2 Rd8 24. Nc1 c4 25. Qf2 cxd3 0-1

[Event "AUTO-MASTER-2703"]
[Site "http://www.queenalice.com/game.php?id=1519503"]
[Date "2018.3.13"]
[Round "1"]
[White "pepebacardi"]
[Black "andrevillares"]
[Result "1-0"]
[WhiteElo "1992"]
[BlackElo "1722"]

1. e4 c6 2. d4 d5 3. Nc3 dxe4 4. Nxe4 Nd7 5. Nf3 Ngf6 6. Nxf6+ Nxf6 7. Be2 g6 8.
O-O Bg7 9. Bg5 O-O 10. c3 Ne4 11. Be3 Bg4 12. h3 Bxf3 13. Bxf3 Nd6 14. Re1 Re8
15. Qc2 Nf5 16. Be4 Nxe3 17. Rxe3 e5 18. dxe5 Bxe5 19. Rd1 Qc7 20. Rde1 Bf4 21.
R3e2 Kg7 22. Bf3 Rxe2 23. Qxe2 Rd8 24. g3 Rd2 25. Qe7 Bxg3 26. Qxc7 1-0

[Event "AUTO-MASTER-2703"]
[Site "http://www.queenalice.com/game.php?id=1519512"]
[Date "2018.3.13"]
[Round "1"]
[White "wiktormool"]
[Black "pepebacardi"]
[Result "0-1"]
[WhiteElo "2012"]
[BlackElo "1975"]

1. c4 g6 2. Nc3 Bg7 3. d4 Nf6 4. Nf3 O-O 5. Bf4 d6 6. e4 e6 7. Be2 a6 8. h3 Nbd7
9. e5 dxe5 10. dxe5 Nh5 11. Bh2 Bh8 12. Nd4 Bxe5 13. Bxe5 Nxe5 14. Bxh5 gxh5 15.
b3 Qg5 16. Nce2 Kh8 17. f4 Qxg2 18. Rg1 Nf3+ 19. Nxf3 Qxf3 20. Rg3 Qh1+ 21. Ng1
b6 22. Qd4+ f6 23. O-O-O Bb7 24. Nf3 Qxf3 25. Rxf3 Bxf3 26. Rg1 Rad8 27. Qe3 Bb7
28. Qxe6 Rde8 29. Qd7 Rg8 30. Rxg8+ Rxg8 31. Qxc7 Bc8 32. Qxb6 Kg7 33. Qc7+ Kg6
34. h4 Be6 35. Qa5 Ra8 36. Qe1 Kf5 37. Qe3 Rg8 38. Qc5+ Kxf4 39. Qxh5 Bf5 40.
Qh6+ Ke5 41. Qe3+ Be4 42. Qc5+ Ke6 43. Qb6+ Kf5 44. Qxa6 Rg2 45. Qc8+ Kf4 46.
Qc7+ Kf3 47. Qa5 f5 48. Qc3+ Kg4 49. Qg7+ Kf3 50. Qxh7 Rxa2 51. Qh5+ Ke3 52.
Qg5+ f4 53. Qg1+ Kd3 54. Qf1+ Kc3 55. Qe1+ Kd3 56. Kb1 Rh2 57. Qf1+ Ke3+ 58. Kc1
Rh1 59. Qxh1 Bxh1 60. Kd1 f3 0-1

[Event "AUTO-MASTER-2703"]
[Site "http://www.queenalice.com/game.php?id=1519513"]
[Date "2018.3.13"]
[Round "1"]
[White "pepebacardi"]
[Black "wiktormool"]
[Result "1-0"]
[WhiteElo "1976"]
[BlackElo "1977"]

1. e4 c5 2. Nf3 Nc6 3. d4 Qa5+ 4. Nc3 cxd4 5. Nxd4 g6 6. Be2 Bg7 7. Nxc6 Bxc3+
8. Bd2 Bxd2+ 9. Qxd2 Qxd2+ 10. Kxd2 dxc6 11. Rad1 Nf6 12. Bd3 Be6 13. c4 O-O-O
14. Kc3 Ng4 15. Rd2 Kb8 16. h3 Ne5 17. Rhd1 Rd7 18. Be2 Rhd8 19. Rxd7 Rxd7 20.
Rxd7 Bxd7 21. b3 h5 22. f4 Bxh3 23. gxh3 f5 24. fxe5 e6 25. h4 Kc7 26. c5 b5 27.
a4 a6 28. exf5 exf5 29. Kd4 Kd7 30. Bf3 Kc7 31. Ke3 Kd7 32. Kf4 1-0

[Event "AUTO-ADV-4114"]
[Site "http://www.queenalice.com/game.php?id=1555066"]
[Date "2019.1.2"]
[Round "1"]
[White "pepebacardi"]
[Black "Nille"]
[Result "1-0"]
[WhiteElo "1963"]
[BlackElo "1913"]

1. e4 e5 2. Nf3 d6 3. Bc4 h6 4. d4 exd4 5. Nxd4 Nf6 6. Nc3 Be7 7. f3 a6 8. Be3
b5 9. Bb3 c5 10. Ndxb5 axb5 11. Nxb5 O-O 12. Qd2 Nc6 13. O-O Ba6 14. c4 Nb4 15.
Rfd1 Bxb5 16. cxb5 Qb8 17. a4 Nh7 18. Bc4 Rd8 19. b3 Bf6 20. Rab1 Qc7 21. Qf2
Qe7 22. Kh1 Bh4 23. g3 Bg5 24. Bd2 Bxd2 25. Rxd2 Qf6 26. Rbd1 Ng5 27. e5 Qxf3+
28. Qxf3 Nxf3 29. Rxd6 Rxd6 30. exd6 Nd4 31. Rxd4 cxd4 32. b6 d3 33. b7 Rb8 34.
d7 d2 35. Be2 Nc6 36. b4 Nd8 37. a5 Rxb7 38. a6 Rxd7 39. Bd1 Nc6 40. b5 Nb4 41.
Kg1 Rd5 42. a7 Rd8 43. b6 Nc6 44. Kf2 Nb4 45. b7 Nd3+ 46. Ke3 Nb2 47. b8=Q Rxb8
48. axb8=Q+ Kh7 49. Qxb2 1-0

[Event "AUTO-ADV-4114"]
[Site "http://www.queenalice.com/game.php?id=1555067"]
[Date "2019.1.2"]
[Round "1"]
[White "Nille"]
[Black "pepebacardi"]
[Result "1-0"]
[WhiteElo "1888"]
[BlackElo "1983"]

1. e4 c5 2. Nf3 d6 3. Bc4 Nf6 4. Nc3 a6 5. a3 b5 6. Bd5 Nxd5 7. exd5 g6 8. d3
Bg7 9. Bd2 O-O 10. b4 cxb4 11. axb4 Qc7 12. Nxb5 axb5 13. Rxa8 Bb7 14. Ra7 Qb6
15. Be3 Qc7 16. O-O Qc8 17. c4 bxc4 18. dxc4 Nd7 19. c5 dxc5 20. bxc5 Nf6 21. d6
exd6 22. cxd6 Nd5 23. Re1 Re8 24. h3 Qb8 25. Qa4 Nxe3 26. d7 Rd8 27. Rxe3 Bxf3
28. Re8+ Bf8 29. Rxd8 Qb1+ 30. Kh2 Bxg2 31. Rxf8+ Kxf8 32. d8=Q+ Kg7 33. Qad4+
1-0

[Event "AUTO-ADV-4114"]
[Site "http://www.queenalice.com/game.php?id=1555068"]
[Date "2019.1.2"]
[Round "1"]
[White "pepebacardi"]
[Black "fabricioprado"]
[Result "1-0"]
[WhiteElo "1988"]
[BlackElo "1693"]

1. e4 e5 2. Nf3 Nc6 3. Bb5 d6 4. d4 Bd7 5. O-O Be7 6. Nc3 Nf6 7. Re1 O-O 8. Bxc6
Bxc6 9. dxe5 dxe5 10. Qxd8 Raxd8 11. Nxe5 Be8 12. f3 c6 13. Be3 b6 14. Rad1 c5
15. Rd2 Rxd2 16. Bxd2 Bd6 17. Nc4 Bc7 18. Rd1 Bc6 19. Bg5 Rd8 20. Bxf6 gxf6 21.
Ne3 Kg7 22. Ned5 Bd6 23. g3 Be5 24. Kf1 Rd6 25. b3 Bxd5 26. Rxd5 Rxd5 27. Nxd5
Bb8 28. c4 h6 29. Ne7 a6 30. Nc6 Bc7 31. Ne7 Bd8 32. Nd5 Kg6 33. h4 f5 34. e5 b5
35. cxb5 axb5 36. Ke2 f6 37. Nxf6 Bxf6 38. exf6 Kxf6 39. Kd3 Ke5 40. Ke3 b4 41.
Kd3 Kd5 42. h5 1-0

[Event "AUTO-ADV-4114"]
[Site "http://www.queenalice.com/game.php?id=1555069"]
[Date "2019.1.2"]
[Round "1"]
[White "fabricioprado"]
[Black "pepebacardi"]
[Result "0-1"]
[WhiteElo "1665"]
[BlackElo "1992"]

1. e4 c5 2. Nf3 d6 3. Bc4 Nf6 4. d3 a6 5. a3 g6 6. Nc3 Bg7 7. O-O O-O 8. Bf4 b5
9. Ba2 Nh5 10. Be3 e5 11. Qd2 Be6 12. Nd5 Kh8 13. Bh6 Nd7 14. Bxg7+ Kxg7 15. h3
Ndf6 16. Nxf6 Qxf6 17. Qe3 Bxa2 18. Rxa2 a5 19. a4 b4 20. b3 Nf4 21. Kh2 h6 22.
g3 Nh5 23. g4 Nf4 24. Ng1 h5 25. gxh5 Nxh5 26. Raa1 Qf4+ 27. Qxf4 Nxf4 28. f3
Rh8 29. Rf2 Rh7 30. Kg3 g5 31. Rh2 Kg6 32. Ne2 Nxe2+ 33. Rxe2 Rah8 34. Rh2 Rh4
35. Rf1 Kg7 36. Rff2 Kg6 37. Rd2 R8h6 38. Rd1 Kg7 39. Rc1 Rh8 40. c3 bxc3 41.
Rxc3 Kf6 42. Rcc2 Ke6 43. Rb2 R8h6 44. b4 cxb4 45. Rb3 Rh8 46. Rbb2 Kd7 47. Rbc2
Rc8 48. Rxc8 Kxc8 49. Rc2+ Kd7 50. Rd2 f6 51. d4 exd4 52. Rxd4 Rh8 53. Rd2 Rc8
54. Rb2 Rc3 55. Ra2 Ra3 0-1

[Event "AUTO-ADV-4114"]
[Site "http://www.queenalice.com/game.php?id=1555070"]
[Date "2019.1.2"]
[Round "1"]
[White "pepebacardi"]
[Black "Elcid"]
[Result "0-1"]
[WhiteElo "1962"]
[BlackElo "1685"]

1. e4 e6 2. d4 d5 3. Nc3 Nf6 4. Bg5 Be7 5. e5 Nfd7 6. Bxe7 Qxe7 7. a4 a6 8. Bd3
c5 9. dxc5 Nxc5 10. Nf3 Nxd3+ 11. Qxd3 Nc6 12. O-O Bd7 13. h3 Nb4 14. Qd2 O-O
15. Nd4 Rac8 16. f4 f6 17. exf6 Rxf6 18. Nce2 Qc5 19. c3 Nc6 20. Kh1 Rcf8 21. g3
e5 22. Nxc6 Bxc6 23. Kh2 b6 24. b4 Qd6 25. Kg1 Bd7 26. h4 Bh3 27. Rfd1 Be6 0-1

[Event "AUTO-ADV-4114"]
[Site "http://www.queenalice.com/game.php?id=1555071"]
[Date "2019.1.2"]
[Round "1"]
[White "Elcid"]
[Black "pepebacardi"]
[Result "1-0"]
[WhiteElo "1656"]
[BlackElo "1991"]

1. d4 Nf6 2. Bf4 g6 3. Nf3 Bg7 4. e3 O-O 5. Be2 Nh5 6. Bg3 d6 7. Nbd2 Nd7 8. c4
Nxg3 9. hxg3 e5 10. Rb1 exd4 11. Nxd4 a6 12. b4 Ne5 13. N2f3 Bg4 14. Qb3 Qe7 15.
Nxe5 Bxe2 16. Kxe2 Qxe5 17. Nf3 Qe6 18. Rhd1 b6 19. Kf1 h6 20. Nd4 Bxd4 21. Rxd4
h5 22. a4 Rfd8 23. Qd3 Qe7 24. Rd1 Rd7 25. Re4 Qf8 26. Qd5 a5 27. Qc6 Rad8 28.
bxa5 1-0

[Event "AUTO-MASTER-2703"]
[Site "http://www.queenalice.com/game.php?id=1555398"]
[Date "2019.1.4"]
[Round "2"]
[White "pepebacardi"]
[Black "Meckerkopp"]
[Result "1-0"]
[WhiteElo "1977"]
[BlackElo "2114"]

1. e4 e5 2. Nf3 d6 3. d4 Bg4 4. dxe5 Bxf3 5. Qxf3 dxe5 6. Bc4 f6 7. O-O Qd4 8.
Bxg8 Rxg8 9. Rd1 Qc4 10. c3 Qf7 11. Be3 Nd7 12. Nd2 b6 13. b4 g5 14. a4 Bd6 15.
Nf1 Nf8 16. Ng3 O-O-O 17. Nf5 Qe6 18. a5 Kd7 19. Rd5 Ke8 20. Rad1 Ng6 21. Qh5
Rd7 22. axb6 axb6 23. Ra1 c6 24. Ra8+ Rd8 25. Rxd8+ Kxd8 26. Rxd6+ Qxd6 27. Nxd6
1-0

[Event "AUTO-MASTER-2703"]
[Site "http://www.queenalice.com/game.php?id=1555399"]
[Date "2019.1.4"]
[Round "2"]
[White "Meckerkopp"]
[Black "pepebacardi"]
[Result "1-0"]
[WhiteElo "2097"]
[BlackElo "2000"]

1. e4 c5 2. Bc4 d6 3. Qf3 Nf6 4. h3 a6 5. Nc3 Nc6 6. a3 g6 7. Nge2 Bg7 8. Nd5
O-O 9. O-O b5 10. Ba2 Bb7 11. c3 c4 12. d3 e6 13. Nxf6+ Bxf6 14. dxc4 Ne5 15.
Qe3 Nxc4 16. Bxc4 bxc4 17. Rd1 Qc7 18. Qf3 Bg7 19. Bf4 e5 20. Be3 f5 21. Bg5
Bxe4 22. Qe3 Qc6 23. f3 f4 24. Qxe4 Qb6+ 25. Kf1 Ra7 26. Qxc4+ Kh8 27. Rd2 Rf5
28. Bh4 Qc5 29. Qxc5 dxc5 30. Rad1 Rf8 31. Rd8 Ra8 32. Rxf8+ Bxf8 33. Bf6+ Bg7
34. Bxg7+ Kxg7 35. b3 Rc8 36. Rd5 Kf6 37. Rd6+ Kf5 38. Rxa6 1-0

[Event "AUTO-MASTER-2703"]
[Site "http://www.queenalice.com/game.php?id=1555400"]
[Date "2019.1.4"]
[Round "2"]
[White "pepebacardi"]
[Black "carver"]
[Result "0-1"]
[WhiteElo "2002"]
[BlackElo "2156"]

1. e4 e5 2. Nf3 Nc6 3. Bb5 d6 4. d4 a6 5. Bxc6+ bxc6 6. dxe5 Bg4 7. exd6 cxd6 8.
O-O Nf6 9. Bg5 Be7 10. Re1 O-O 0-1

[Event "AUTO-MASTER-2703"]
[Site "http://www.queenalice.com/game.php?id=1555402"]
[Date "2019.1.4"]
[Round "2"]
[White "pepebacardi"]
[Black "Lopesq"]
[Result "0-1"]
[WhiteElo "1995"]
[BlackElo "2573"]

1. e4 c5 2. Nf3 Nc6 3. d4 cxd4 4. Nxd4 e5 5. Nb5 d6 6. Be3 a6 7. N5a3 Be6 8. Nc3
Nf6 9. f3 Be7 10. Be2 Nb4 11. O-O d5 12. exd5 Nfxd5 13. Nxd5 Nxd5 14. Qd3 Qc7
15. c3 Nxe3 16. Qxe3 Bc5 0-1

[Event "AUTO-MASTER-2703"]
[Site "http://www.queenalice.com/game.php?id=1555403"]
[Date "2019.1.4"]
[Round "2"]
[White "Lopesq"]
[Black "pepebacardi"]
[Result "1-0"]
[WhiteElo "2576"]
[BlackElo "1993"]

1. Nf3 c5 2. d4 cxd4 3. Nxd4 Nf6 4. c3 g6 5. Nd2 Bg7 6. e3 O-O 7. Be2 Nc6 8.
N4f3 d6 9. O-O a6 10. Nd4 Nxd4 11. exd4 b5 12. Re1 Bb7 13. Bf3 Bxf3 14. Nxf3 Qc7
15. h4 e6 16. Qe2 1-0